00990nam a2200289 a 450000100060000000300090000600500170001500800410003201500210007303500150009404000280010904100080013704300160014508200170016110000390017824500870021726000640030430000260036849000260039450400280042065000340044865000390048294200120052194900110053399900170054495201390056124759CO-ViMGA20230915232017.0141112s2004 ck r 000 u spa d ack - 2001 - xxxx aAHK8687 LA aCO-ViMGAbspacCO-ViMGA aspa as - ck - - 04a372.35 C67a1 aCorrea Barrera Luz Marleny.93697710aUn aporte pedagógico para el área científica / cLuz Marleny Correa Barrera. aBogotá : bINCI - Instituto Nacional para Ciegos, c2001. a89 p. : il. ; 30 cm. aColección arco iris aIncluye bibliografía.14aEducación de ciegos 92614814aEducación para invidentes936978 2ddccBK ac n c32561d32561 01102ddc44708002aMEVIECARbMEVIECARd2015-12-04h12/mar/2013l0o372.35 C67a p25603r2015-12-04 00:00:00tEj. 1w2015-12-04yBK